|
|
|
|
| LEADER |
00000cab a2200000 a 4500 |
| 003 |
Ucuenca |
| 005 |
20230308201659.0 |
| 008 |
000000| ||||||||r|||||||||||spa|| |
| 040 |
|
|
|b spa
|
| 041 |
0 |
|
|a spa
|
| 082 |
0 |
|
|a 805
|b C296g
|
| 100 |
1 |
|
|a Vivar, Alfredo.
|d 1932-1976
|9 110479
|
| 245 |
|
|
|a Oda al viento del oeste y otros poemas
|c Alfredo Vivar Percy Bysshe Shelley
|h imp
|
| 264 |
|
|
|a Cuenca
|b Casa de la Cultura Ecuatoriana
|c Febrero 1983
|
| 300 |
|
|
|a páginas: 127-135
|c 20 cm
|
| 362 |
|
|
|a no. 23 (febrero 1983)
|
| 650 |
|
0 |
|a Poesia inglesa
|9 5926
|
| 650 |
|
0 |
|9 103775
|a Revista el guacamayo y la serpiente
|
| 650 |
|
0 |
|9 16354
|a Literatura inglesa
|
| 773 |
0 |
|
|0 139427
|9 114363
|a Casa de la Cultura Ecuatoriana. Núcleo del Azuay
|d Cuenca Casa de la Cultura Ecuatoriana Febrero de 1983
|o 61649
|t El Guacamayo y la serpiente
|w (Ucuenca)61649
|
| 852 |
|
|
|a UC-CDJBV
|f Donación
|k npena
|l 1
|m General
|p 00000000
|b 0
|d CDRC
|e CDRC
|g 805 C296g TERCER PISO (SECCION REVISTAS)
|z 0000-00-00
|
| 856 |
|
|
|a http://sibuc.ucuenca.edu.ec/portada/61649-cdj.jpg
|
| 942 |
|
|
|c SERA
|z lourdes.naula@ucuenca.edu.ec
|2 ddc
|
| 999 |
|
|
|c 97749
|d 97749
|